00327nam a2200121Ia 45000030006000000080041000060400015000471000035000622450048000972600031001455460012001760050017001880STCL150530s9999 xx 000 0 und d aSTCLcSTCL aMuhammad Husayn Nainar, S. Tr. aTuzak I Walajahi of Burhan IBN Hasan Part I bUniversity of Madrasc1934 aEnglish20220125171446.0